000 00626nam a2200253Ia 4500
005 20260121160959.0
008 008 260114s9999 xx 000 0 eng d
020 _a9781315373898
037 _aEBOOK
040 _aCRL
040 _beng
040 _cCRL
041 _2eng
041 _aeng
084 _qCRL
100 _a John Verzani; Michael Lawrence
_91038720
245 0 _aProgramming Graphical User Interfaces in R
260 _bTaylor and Francis
260 _c2012
856 _uhttp://www.taylorfrancis.com/books/9781315373898
942 _cEBOOK
999 _c1605536
_d1605536